| 000 | 00765nam a2200229 a 4500 | ||
|---|---|---|---|
| 005 | 20240910063911.0 | ||
| 008 | 131210s2007 es r 000 0 spa d | ||
| 020 | _a9788498411348 | ||
| 035 | _aUPN01000194670 | ||
| 049 | _aCG | ||
| 050 | 4 |
_aPT2609 N9 _bE8.3 |
|
| 100 | 1 |
_aEnzensberger, Hans Magnus, _d1929- _934991 |
|
| 245 | 1 | 0 |
_aEscalofriantes historias de niños prodigio / _cLinda Quilt ; tr. Elisa Lucena ; il. Michael Sowa. |
| 260 |
_aMadrid : _bSiruela, _c2007. |
||
| 300 |
_a150 p. : _bil. col. |
||
| 440 | 4 |
_aLas tres edades ; _v154. _pDe 12 en adelante |
|
| 534 |
_pTítulo original: _tUnlikely progeny |
||
| 650 | 4 |
_aLiteratura juvenil alemana _912357 |
|
| 650 | 4 |
_aLIBROS Y LECTURA PARA LA JUVENTUD _910549 |
|
| 905 | _aLibro | ||
| 999 |
_c166771 _d166771 |
||